|
|
|
|
| LEADER |
00000naa a2200000uu 4500 |
| 001 |
vtls011085150 |
| 003 |
SK-MaSNL |
| 005 |
20260302105131.0 |
| 008 |
210905|1995 xo |||||||||||||||||slo| |
| 015 |
|
|
|a SNBRA
|
| 035 |
|
|
|a (urnnbn)urn:nbn:sk:snk:ar-a0clsb
|
| 035 |
|
|
|a (uuid)f2092264-bead-404e-9a8d-b17076b939b7
|
| 035 |
|
|
|a urn:nbn:sk:snk-aavro8
|
| 040 |
|
|
|a SNKBUCL
|b slo
|c SNKBUCL
|e AACR2
|
| 041 |
0 |
|
|a slo
|
| 044 |
|
|
|a xo
|c SK
|
| 100 |
1 |
|
|a Lalík, Juraj
|4 aut
|9 783343
|
| 245 |
1 |
0 |
|a HYDRAULICKÁ OCHRANA PODZEMNÝCH VÔD HISTÓRIA A SÚČASNOSŤ
|c Juraj LALÍK
|
| 773 |
0 |
|
|t Dunaj - tepna Európy
|d Bratislava : T.R.T.MDIUM, 1995
|g S. 303-308
|
| 958 |
|
|
|a OND
|
| 958 |
|
|
|a article12
|
| 958 |
|
|
|a chapter
|
| 999 |
|
|
|c 1237490
|d 1239420
|